000 00695 a2200229 4500
005 20260415123409.0
008 260415b |||||||| |||| 00| 0 eng d
020 _a9788196927486 (hbk)
037 _cTB
040 _aCRL
_cCRL
041 _2URD
_aURD
084 _aO168,1M26w R4
_qCRL
100 _aMohammad Hasan
_91115707
245 _aSar-e-bazar mi-raqsam
260 _aNew Delhi, India:
_bNaamak Publications,
_c2024.
300 _a420p.
365 _b750.00
_cINR
650 _aUrdu Literature
650 _aUrdu Poetry
942 _cTB
_2CC
_hO168,1M26w R4
999 _c1679613
_d1679613